000
00225nam a2200097Ia 4500
008
170619s9999 xx 000 0 und d
100
_a
Peter Norton
245
0
_a
Introduction to Computers
260
_b
New Dehi: TMH
260
_c
2001
546
_a
ENGLISH
999
_c
18256
_d
18256